00629nam a22001937a 450000500170000001000130001702000220003003500130005203700160006504000120008108200200009324501170011326000470023027000550027730000250033265000280035765000330038570000170041820170124105959.0 aB-035220 a0195653793c00.00 aB-035220 bCen Lib/Ret aDPLbEN a347.954035bSUP aSupreme but not infallible :cedited by B.N. Kripal...[et al.]bessays in honour of the supreme court of india / aNew Delhi bOxford university Press c2000 aYMCA building, jai singh road bNew Delhi e110001 axiv, 481p.c21cm(Hb) aSupreme court of india  aPublic law and constitution  aKripal, B.N.